00570nam a2200205 a 4500001001300000003000900013005001700022008004100039020002200080082001800102100002200120245005400142260003700196300001000233500003500243505001000278650002200288650003200310700002200342nice12345678IN_TiNIC20260116013210.0050524s1996 oxfa grp 000 0 eng  a1557867 c1500a297.0956bLIN aLindholm, Charles aIslamic Middle Eastb an Historical Anthropology. aOxfordbBlackwell Pub. Ltdc1996 a324p. aincludes index and biblioraphy2 aIndex aIslam-Middle East aIslamic-Culture Middle East1 aLindholm, Charles